| 000 | 00452nam a2200145 4500 | ||
|---|---|---|---|
| 999 |
_c9465 _d9465 |
||
| 008 | 151027b xxu||||| |||| 00| 0 eng d | ||
| 020 | _a9966461825 | ||
| 050 | _aAFR PL 8704 .Z36 2005 | ||
| 100 | _aZani, Zacharia M. | ||
| 245 |
_aManeno yanayotatiza / _cZacharia M. Zani. |
||
| 260 |
_aNairobi : _bEast Africa Educational Publishers, _c2005. |
||
| 300 |
_a112 p. ; _c18cm. |
||
| 942 |
_2lcc _cAFRICANA _hPL 8704 .Z36 2005 |
||